|
|
|
|
| LEADER |
00000nbm0a2200000 4500 |
| 001 |
155099 |
| 005 |
20231031152214.0 |
| 029 |
0 |
0 |
|a SU
|b 01840056050
|f ТПУ
|
| 035 |
|
|
|a (RuTPU)RU\TPU\book\168250
|
| 090 |
|
|
|a 155099
|
| 100 |
|
|
|a 20090311d1986 k y0rusy50 ca
|
| 101 |
0 |
|
|a rus
|
| 102 |
|
|
|a RU
|
| 105 |
|
|
|a a p 001zy
|
| 200 |
1 |
|
|a Изучение действия ионизирующего излучения на физико - химические свойства диэлектриков. Разработка физико - энергетических основ радиационной химии
|a Разработка и исследование технологического процесса изготовления печатных плат аддитивным методом
|e Заключительный отчет о НИР
|e Проблема 2.6.006
|e Тема : г/б
|f Томский политехнический институт (ТПИ) ; руководитель В. Л. Щеринский ; Г. В. Ныш
|
| 210 |
|
|
|a Томск
|d 1986
|
| 215 |
|
|
|a 21 л.
|
| 320 |
|
|
|a Библиогр.: с. 20 - 21.
|
| 610 |
1 |
|
|a диэлектрики
|
| 610 |
1 |
|
|a ионизирующее излучение
|
| 610 |
1 |
|
|a физико-химические свойства
|
| 610 |
1 |
|
|a радиационная химия
|
| 610 |
1 |
|
|a технологический процесс
|
| 610 |
1 |
|
|a печатные платы
|
| 610 |
1 |
|
|a аддитивный метод
|
| 610 |
1 |
|
|a отчеты о НИР
|
| 675 |
|
|
|a 621.315.61 : 54(04)
|v 3
|
| 702 |
|
1 |
|a Щеринский
|b В. Л.
|4 673
|
| 702 |
|
1 |
|a Ныш
|b Г. В.
|4 677
|
| 712 |
0 |
2 |
|a Томский политехнический институт (ТПИ)
|c (1944-1991)
|2 stltpush
|3 (RuTPU)RU\TPU\col\1123
|4 595
|
| 801 |
|
1 |
|a RU
|b 63413507
|c 20090311
|g PSBO
|
| 942 |
|
|
|c BK
|